<?xml version="1.0" encoding="UTF-8"?>
<record
    xmlns:xsi="http://www.w3.org/2001/XMLSchema-instance"
    xsi:schemaLocation="http://www.loc.gov/MARC21/slim http://www.loc.gov/standards/marcxml/schema/MARC21slim.xsd"
    xmlns="http://www.loc.gov/MARC21/slim">

  <leader>00370nam a22001217a 4500</leader>
  <datafield tag="040" ind1=" " ind2=" ">
    <subfield code="c">HS</subfield>
  </datafield>
  <datafield tag="082" ind1=" " ind2=" ">
    <subfield code="a">634</subfield>
  </datafield>
  <datafield tag="100" ind1=" " ind2=" ">
    <subfield code="a">NA</subfield>
  </datafield>
  <datafield tag="245" ind1=" " ind2=" ">
    <subfield code="a">Intermediate frut culture training curriculum &#x1798;&#x17C1;&#x179A;&#x17C0;&#x1793;&#x1794;&#x178E;&#x17D2;&#x178F;&#x17BB;&#x17C7;&#x1794;&#x178E;&#x17D2;&#x178F;&#x17B6;&#x179B;&#x178A;&#x17C6;&#x178E;&#x17B6;&#x17C6;&#x1788;&#x17BE;&#x17A0;&#x17BC;&#x1794;&#x1795;&#x17D2;&#x179B;&#x17C2;(&#x1780;&#x17C6;&#x179A;&#x17B7;&#x178F;&#x1798;&#x1792;&#x17D2;&#x1799;&#x1798;) </subfield>
  </datafield>
  <datafield tag="260" ind1=" " ind2=" ">
    <subfield code="a">NA</subfield>
    <subfield code="b">NA</subfield>
    <subfield code="c">1997</subfield>
  </datafield>
  <datafield tag="300" ind1=" " ind2=" ">
    <subfield code="a">80pp;</subfield>
  </datafield>
  <datafield tag="942" ind1=" " ind2=" ">
    <subfield code="c">KB</subfield>
  </datafield>
  <datafield tag="999" ind1=" " ind2=" ">
    <subfield code="c">9588</subfield>
    <subfield code="d">9588</subfield>
  </datafield>
  <datafield tag="952" ind1=" " ind2=" ">
    <subfield code="0">0</subfield>
    <subfield code="1">0</subfield>
    <subfield code="4">0</subfield>
    <subfield code="6">634_000000000000000_NA1997_C237</subfield>
    <subfield code="7">0</subfield>
    <subfield code="9">51620</subfield>
    <subfield code="a">LBC</subfield>
    <subfield code="b">LBC</subfield>
    <subfield code="c">C237</subfield>
    <subfield code="d">2016-09-05</subfield>
    <subfield code="o">634 NA1997 C237</subfield>
    <subfield code="p">RUA045402</subfield>
    <subfield code="r">2016-09-05</subfield>
    <subfield code="y">KB</subfield>
  </datafield>
  <datafield tag="952" ind1=" " ind2=" ">
    <subfield code="0">0</subfield>
    <subfield code="1">0</subfield>
    <subfield code="4">0</subfield>
    <subfield code="6">634_000000000000000_NA_1997_C250</subfield>
    <subfield code="7">0</subfield>
    <subfield code="9">51630</subfield>
    <subfield code="a">LBC</subfield>
    <subfield code="b">LBC</subfield>
    <subfield code="c">C250</subfield>
    <subfield code="d">2016-09-05</subfield>
    <subfield code="o">634 NA 1997 C250</subfield>
    <subfield code="p">A00809</subfield>
    <subfield code="r">2016-09-05</subfield>
    <subfield code="y">KB</subfield>
  </datafield>
  <datafield tag="952" ind1=" " ind2=" ">
    <subfield code="0">0</subfield>
    <subfield code="1">0</subfield>
    <subfield code="4">0</subfield>
    <subfield code="6">634_000000000000000_NA1997_C281_OR</subfield>
    <subfield code="7">0</subfield>
    <subfield code="9">51742</subfield>
    <subfield code="a">LBC</subfield>
    <subfield code="b">LBC</subfield>
    <subfield code="d">2016-09-06</subfield>
    <subfield code="o">634 NA1997 C281 Or.</subfield>
    <subfield code="p">RUA045550</subfield>
    <subfield code="r">2016-09-06</subfield>
    <subfield code="y">KB</subfield>
  </datafield>
  <datafield tag="952" ind1=" " ind2=" ">
    <subfield code="0">0</subfield>
    <subfield code="1">0</subfield>
    <subfield code="4">0</subfield>
    <subfield code="6">634_000000000000000_NA_1997_C250</subfield>
    <subfield code="7">0</subfield>
    <subfield code="9">53082</subfield>
    <subfield code="a">LBC</subfield>
    <subfield code="b">LBC</subfield>
    <subfield code="c">C250</subfield>
    <subfield code="d">2016-10-16</subfield>
    <subfield code="o">634 NA 1997 C250</subfield>
    <subfield code="p">A01009</subfield>
    <subfield code="r">2016-10-16</subfield>
    <subfield code="w">2016-10-16</subfield>
    <subfield code="y">KB</subfield>
  </datafield>
</record>
